| 000 | 00323nam a2200133 i 4500 | ||
|---|---|---|---|
| 001 | bg | ||
| 100 | 1 | _aWIERZBICKI, Tadeusz L. | |
| 245 | 0 |
_aAnaliza wody i ścieków / _cTadeusz L. Wierzbicki. |
|
| 260 |
_aBiałystok, _c1981. |
||
| 040 | _cBPK | ||
| 041 | _apol | ||
| 942 | _cKS | ||
| 008 | s pl f |000 0 pol | ||
| 999 |
_c20084 _d20084 |
||
| 856 |
_uhttp://koha.tu.koszalin.pl/cgi-bin/koha/opac-detail.pl?biblionumber=20084 _yKatalog online BPK |
||